002890000a22001210004500020001800000041000800018082001800026100003400044245005100078260002000129300001200149001000600161 a84-7530-477-X0 aSPA04aG 861 M67897d1 aMistral, Gabriela (1889-1957)10aDesolación y otros poemas / Gabriela Mistral aMadrid : Orbis a272 Pag13160